|
|
|
|
| LEADER |
00000nab#a22000007a#4500 |
| 001 |
arbauad038272 |
| 003 |
AR-BaUAD |
| 005 |
20250711113011.0 |
| 008 |
990719|||||||||###||||||b###|0###a|spa|| |
| 040 |
|
|
|a AR-BaUAD
|c AR-BaUAD
|b spa
|
| 100 |
|
|
|a Biagi, Marco
|
| 245 |
|
|
|a Tropical déco /
|c Marco Biagi;
|
| 300 |
0 |
|
|b fot.
|
| 653 |
|
|
|a ART DECO
|
| 653 |
|
|
|a ARQUITECTURA
|
| 653 |
|
|
|a VANGUARDIAS
|
| 653 |
|
|
|a HISTORIA
|
| 653 |
|
|
|a HOTELES
|
| 653 |
|
|
|a VIVIENDAS UNIFAMILIARES
|
| 653 |
|
|
|a MIAMI
|
| 653 |
|
|
|a DECADA DE 1920
|
| 653 |
|
|
|a DECADA DE 1930
|
| 653 |
|
|
|a DECADA DE 1940
|
| 653 |
|
|
|a ESTADOS UNIDOS
|
| 653 |
|
|
|a 1920-1950
|
| 773 |
0 |
|
|t VILLE GIARDINI
|g Nº308 [nov. 1995], p. 52-59
|
| 942 |
|
|
|c ARTI
|
| 952 |
|
|
|0 0
|1 0
|4 0
|7 0
|9 83191
|a AR-BAuAD
|b AR-BAuAD
|d 2025-07-11
|l 0
|p AAQA038272
|r 2025-07-11 11:30:11
|w 2025-07-11
|y ARTI
|
| 990 |
|
|
|a AQ199
|b TD
|
| 998 |
|
|
|a AAQ
|b BIBUN76
|
| 999 |
|
|
|c 62864
|d 62864
|